00680 2200241 4500001002100000005001700021008004100038035002400079082001600103090002300119100002200142245008100164250001100245260003300256300001900289500003200308650002100340700002800361850001300389980001500402985000600417999001500423YOGYA-0209000002019020090227023410.0 ind  0010-020900000020190 a322.4095982 a322.4095982bPri D aPRIYONO, Yumiko M aDemokrasi di pedesaan Jawacoleh Yumiko M. Prijono, Priyono Tjipto Herijanto aCet. 1 aJakartabSinar Harapanc1983 a126 hlmc19 cm aBibliografi: hlm. 118 - 126 aDemokrasi - Jawa aCiptoheriyanto, Priyono aYOPDYOGB a14-06-2006 a1 a95P0064765